| 000 | 00873nam a2200289 a 4500 | ||
|---|---|---|---|
| 003 | AR-BaBNM | ||
| 005 | 20251128203910.0 | ||
| 008 | 082120s2002 ||||||||||||||000 | spa|| | ||
| 040 | _cAR-BaBNM | ||
| 100 | 1 | _aGlasser, William | |
| 245 | 0 | 0 | _aEscuelas sin fracasos |
| 260 |
_aBuenos Aires _bPaidós _c1972 |
||
| 300 |
_a195 p. _bdiagr. |
||
| 490 | 0 |
_aBiblioteca del educador contemporáneo. Mayor _vv. 29 |
|
| 500 | _aContiene referencias bibliográficas en notas a pie de página | ||
| 650 | 4 | _aMEJORA DE LA EDUCACION | |
| 650 | 4 | _aAPRENDIZAJE DE MEMORIA | |
| 650 | 4 | _aDISCIPLINA | |
| 650 | 4 | _aACTIVIDADES EN GRUPO | |
| 653 | _aPROCESO DE ENSEÑANZA-APRENDIZAJE | ||
| 653 | _aFRACASO ESCOLAR | ||
| 700 | 1 |
_aSantee, H.T. _eprologuista |
|
| 800 | 1 | _aRomero Brest, Gilda Lamarque de | |
| 800 | 1 |
_aBernstein, Jaime _edirector |
|
| 942 | _cBK | ||
| 998 | _cSILVI | ||
| 999 |
_c5391 _d5391 |
||